(KHMER) I want to know: (Record no. 49776)
| 000 -LEADER | |
|---|---|
| fixed length control field | 00366nam a2200121 4500 |
| 020 ## - INTERNATIONAL STANDARD BOOK NUMBER | |
| International Standard Book Number | 9789995054885 |
| 100 ## - MAIN ENTRY--PERSONAL NAME | |
| Personal name | Sunheng, Mengchheang |
| 9 (RLIN) | 86896 |
| 245 ## - TITLE STATEMENT | |
| Title | (KHMER) I want to know: |
| Remainder of title | upper mekong river / |
| Statement of responsibility, etc | Sunheng Mengchheang |
| 260 ## - PUBLICATION, DISTRIBUTION, ETC. (IMPRINT) | |
| Place of publication, distribution, etc | Cambodia |
| Name of publisher, distributor, etc | Sipar |
| Date of publication, distribution, etc | 2022 |
| 300 ## - PHYSICAL DESCRIPTION | |
| Extent | 40 p. |
| Other physical details | col. ill. |
| Dimensions | 20 cm. |
| 650 ## - SUBJECT ADDED ENTRY--TOPICAL TERM | |
| Topical term or geographic name as entry element | Mekong River |
| Form subdivision | Non-fiction |
| 9 (RLIN) | 86897 |
| 942 ## - ADDED ENTRY ELEMENTS (KOHA) | |
| Source of classification or shelving scheme | |
| Koha item type | Book |
| Withdrawn status | Lost status | Source of classification or shelving scheme | Damaged status | Not for loan | Collection code | Home library | Current library | Shelving location | Date acquired | Total Checkouts | Full call number | Barcode | Date last seen | Price effective from | Koha item type |
|---|---|---|---|---|---|---|---|---|---|---|---|---|---|---|---|
| Siem Riep | Asian Hope Siem Reap | Asian Hope Siem Reap | SECONDARY | 11/17/2025 | KHMER 551.46 SUN | 209447 | 11/17/2025 | 11/17/2025 | Book |